Continents by Population Quiz Stats

 Plays Quiz Updated Nov 28, 2014

Score 0/6 Timer 01:00
13 Plays Today
Rank Continent % Correct
????
100%
????
69.8%
????
41.9%
????
32%
????
31.6%
????
30.3%

You're not logged in!

Compare scores with friends on all Sporcle quizzes.
OR
Log In

Show Comments

Extras

Top Quizzes Today


Score Distribution

Your Account Isn't Verified!

In order to create a playlist on Sporcle, you need to verify the email address you used during registration. Go to your Sporcle Settings to finish the process.

Report this User

Report this user for behavior that violates our Community Guidelines.

Details: